| 000 | 00729 a2200169 4500 | ||
|---|---|---|---|
| 008 | 110301t xxu||||| |||| 00| 0 eng d | ||
| 020 | _a9780750654586 | ||
| 050 |
_aHD31 _b.W55 2002 |
||
| 100 | _aWild, Tony | ||
| 245 | _aBest practice in inventory management | ||
| 250 | _a2nd.ed. | ||
| 260 |
_bButterworth _c2002 _aOxford |
||
| 300 |
_ax,265p. _c24cm |
||
| 942 |
_cBK _2lcc |
||
| 999 |
_c37907 _d37907 |
||